000 01385 a2200217 4500
001 28906
005 20260407155557.0
008 260407a1967 arg spa d
003 AR-UNSa-BCEJYS
040 _aAR-UNSa-BCEJYS
_bspa
_cAR-UNSa-BCEJYS
080 _a657(083.74)
_xNormas Contables
245 1 0 _aNormas técnicas profesionales
_paprobadas por las asambleas nacionales de graduados en ciencias económicas
250 _a2a. ed
264 1 _aBuenos Aires :
_bAbeledo Perrot
_c1967
300 _a135 p.
_c23 cm.
505 _a1. Trabajo Nº 3 - Principios y normas técnico-contable - 2. Resolución de la IV asamblea nacional de graduados - 3. Normas mínimas para la confección de estados contables - 4. Resolución de la V asamblea nacional de graduados - 5. Despacho de la comision Nº 3 sobre las normas mínimas para la confección de estados contables - 6. Resolución de la VI Asamblea nacional de graduados - 7. Alcance de la expresión Normas mínimas de auditoria - 8. Fundamentos de la recomendación sobre Normas mínimas de auditoría - 9. Resolución de la VI convención nacional de consejos profesionales de ciencias económicas - 10. VII Conferencia interamericana de contabilidad, mar del plata.
041 _aspa
942 _cBK
590 _aniveau_biblio:m niveau_hierar:0
100 1 _aColegio de Graduados en Ciencias Económicas de la Capital Federal
999 _c1748
_d1748